[Event "Llinars del Valles op-B 8th"]
[Site "Llinars del Valles"]
[Date "2015.04.25"]
[Round "3"]
[White "Maria Medina, Joan Josep"]
[Black "Lopez Martinez, Juan Luis"]
[Result "1-0"]
[WhiteElo "1835"]
[BlackElo "1700"]
[PlyCount "75"]
[EventDate "2015.04.11"]
[EventType "swiss"]
[EventRounds "9"]
[EventCountry "ESP"]
[SourceTitle "EXT 2016"]
[Source "ChessBase"]
[SourceDate "2015.10.08"]
[SourceVersion "1"]
[SourceVersionDate "2015.10.08"]
[SourceQuality "1"]

1. e4 e5 2. Nf3 Nc6 3. Nc3 Nf6 4. d4 Bb4 5. Bd3 exd4 6. a3 Bxc3+ 7. bxc3 dxc3 8. Bg5 h6 9. Bh4 g5 10. Bg3 d6 11. 0-0 Be6 12. Qe1 Kd7 13. Qxc3 a6 14. Rab1 Rb8 15. Nd4 Qe7 16. Nxc6 bxc6 17. f3 Nh5 18. Bf2 f6 19. Bxa6 Rxb1 20. Rxb1 Rg8 21. Bb7 c5 22. Qd3 Ke8 23. a4 Nf4 24. Qd2 Kf7 25. a5 Ba2 26. Ra1 Bc4 27. a6 Bxa6 28. Rxa6 Rb8 29. Ra7 Kg6 30. Be3 Qe5 31. Bxf4 gxf4 32. Bd5 Rb1+ 33. Kf2 Qg5 34. Rxc7 Qh4+ 35. Ke2 Qxh2 36. Bf7+ Kg5 37. Qd5+ f5 38. Qxf5+ 1-0